[Event "XX C.to Mondiale Seniores"]
[Site "Arco ITA"]
[Date "2010.11.03"]
[Round "8"]
[White "Morrow, Hans M."]
[Black "Barlocco, Carlo"]
[WhiteElo "1931"]
[BlackElo "2175"]
[Result "0-1"]
[PlyCount "92"]
[EventDate "2010.10.26"]

1. d4 d5 2. c4 e6 3. Nf3 Nf6 4. Nc3 Bb4 5. Bd2 O-O 6. a3 Be7 7. Bf4 c5 8. cxd5
exd5 9. e3 Nc6 10. Be2 Bf5 11. O-O Rc8 12. Re1 Ne4 13. Qb3 Nxc3 14. bxc3 cxd4
15. exd4 Na5 16. Qb2 Bd6 17. Bxd6 Qxd6 18. Nh4 Bd7 19. a4 Rc7 20. Bb5 Rfc8 21.
Bxd7 Qxd7 22. Qb5 Qxb5 23. axb5 b6 24. Nf5 Kf8 25. Ne3 Rxc3 26. Nxd5 Rd3 27.
Red1 Rb3 28. Rac1 Rxc1 29. Rxc1 g6 30. Nc3 Nc4 31. Kf1 Nd6 32. Ke2 Nxb5 33.
Nxb5 Rxb5 34. Ke3 a5 35. g3 a4 36. h4 a3 37. Ra1 Ra5 38. Kd3 Ke7 39. Kc3 a2 40.
Kb3 Kd6 41. Kc4 Kc6 42. f4 b5+ 43. Kb3 Ra4 44. f5 gxf5 45. h5 Kd5 46. Kc3 h6
0-1

[Event "XX C.to Mondiale Seniores"]
[Site "Arco ITA"]
[Date "2010.11.03"]
[Round "8"]
[White "Paune, Florea"]
[Black "Zamora, Aurel"]
[WhiteElo "1943"]
[BlackElo "1673"]
[Result "1-0"]
[PlyCount "59"]
[EventDate "2010.10.26"]

1. e4 e5 2. Bc4 Nf6 3. Nc3 b5 4. Bxb5 Bc5 5. Nf3 c6 6. Be2 Qb6 7. O-O Ng4 8. d4
exd4 9. Na4 Qb4 10. Nxc5 Qxc5 11. Nxd4 h5 12. c3 Qd6 13. f4 Na6 14. Bxg4 hxg4
15. Qxg4 Qh6 16. h3 d5 17. f5 Qh7 18. exd5 cxd5 19. Re1+ Kf8 20. Qe2 g5 21.
Qe7+ Kg7 22. Qxg5+ Kf8 23. Qe7+ Kg7 24. Bg5 Bxf5 25. Qf6+ Kg8 26. Nxf5 Nc5 27.
Nh6+ Kf8 28. Re7 Ne4 29. Rxf7+ Qxf7 30. Qxf7# 1-0

[Event "XX C.to Mondiale Seniores"]
[Site "Arco ITA"]
[Date "2010.11.03"]
[Round "8"]
[White "Pedrotti, Luciano"]
[Black "Strand, Oyvin"]
[WhiteElo "1833"]
[BlackElo "1978"]
[Result "0-1"]
[PlyCount "86"]
[EventDate "2010.10.26"]

1. e4 g6 2. d4 Bg7 3. Nf3 d6 4. c3 Nc6 5. Be2 Nf6 6. O-O O-O 7. Qc2 b6 8. Bb5
Bb7 9. Nbd2 a6 10. Bd3 e5 11. dxe5 dxe5 12. Nc4 Qe7 13. Bg5 h6 14. Bh4 g5 15.
Bg3 Nh5 16. Ne3 Nf4 17. Nf5 Qf6 18. h4 Ne7 19. hxg5 hxg5 20. Nxe7+ Qxe7 21. Bc4
Bf6 22. Rfd1 Kg7 23. Bxf4 exf4 24. Bd5 c6 25. Bb3 Rae8 26. Re1 g4 27. Nd4 Bxd4
28. cxd4 Qh4 29. Qc3 Rh8 30. Kf1 Qh1+ 31. Ke2 Qxg2 32. d5+ f6 33. Bc2 Rh2 34.
Rf1 a5 35. Rad1 Ba6+ 36. Bd3 Qxe4+ 37. Kd2 Bxd3 38. Qxd3 Qe3+ 39. Kc2 Qxd3+ 40.
Rxd3 cxd5 41. Rxd5 g3 42. Rd2 g2 43. Rg1 f3 0-1

[Event "XX C.to Mondiale Seniores"]
[Site "Arco ITA"]
[Date "2010.11.03"]
[Round "8"]
[White "Perez Cameselle, Francisco"]
[Black "Bortolotti, Silvano"]
[WhiteElo "1917"]
[BlackElo "1778"]
[Result "1-0"]
[PlyCount "35"]
[EventDate "2010.10.26"]

1. Nf3 Nf6 2. g3 c6 3. Bg2 d5 4. O-O e6 5. d3 Bd6 6. Nbd2 O-O 7. e4 dxe4 8.
dxe4 Bc5 9. Qe2 b6 10. Nb3 Ba6 11. c4 Qe7 12. Bg5 e5 13. Bxf6 Qxf6 14. Nxc5
bxc5 15. Rfd1 Qe6 16. b3 Nd7 17. Qd2 Rad8 18. Qa5 1-0

[Event "XX C.to Mondiale Seniores"]
[Site "Arco ITA"]
[Date "2010.11.03"]
[Round "8"]
[White "Rajkovic, Dusan"]
[Black "Ruckschloss, Karol"]
[WhiteElo "2443"]
[BlackElo "2293"]
[Result "1-0"]
[PlyCount "79"]
[EventDate "2010.10.26"]

1. d4 f5 2. Bg5 c6 3. Nf3 Qb6 4. Nbd2 d5 5. e3 Nd7 6. Bd3 e6 7. O-O h6 8. Bf4
g5 9. Bg3 Ngf6 10. c4 Nh5 11. cxd5 cxd5 12. Be5 Nhf6 13. Qa4 Kf7 14. Rfc1 Bd6
15. h3 Rd8 16. Rc2 Ne4 17. Bxd6 Qxd6 18. Rac1 Nxd2 19. Rxd2 Kf6 20. Qd1 Rh8 21.
Rdc2 h5 22. h4 gxh4 23. Nxh4 Nb6 24. f4 Bd7 25. b3 Rag8 26. Be2 Rg3 27. Kf2
Rhg8 28. Qh1 a5 29. Rg1 R3g7 30. Nf3 Rh8 31. Qh4+ Kf7 32. Ne5+ Kg8 33. Rh1 Be8
34. g4 fxg4 35. Bxg4 Bg6 36. Qf6 Rh6 37. Bxe6+ Kh7 38. Bg8+ Rxg8 39. Qxd6 Bxc2
40. Qc7+ 1-0

[Event "XX C.to Mondiale Seniores"]
[Site "Arco ITA"]
[Date "2010.11.03"]
[Round "8"]
[White "Rasmussen, Lars-Bo"]
[Black "Keserovic, Milan"]
[WhiteElo "2090"]
[BlackElo "2194"]
[Result "1/2-1/2"]
[PlyCount "31"]
[EventDate "2010.10.26"]

1. d4 Nf6 2. c4 c5 3. d5 b5 4. cxb5 a6 5. bxa6 Bxa6 6. Nc3 g6 7. e4 Bxf1 8.
Kxf1 d6 9. g3 Bg7 10. Kg2 O-O 11. Qc2 Na6 12. a3 Qb6 13. Rb1 Rfb8 14. b3 Nd7
15. Nge2 Nc7 16. a4 1/2-1/2

[Event "XX C.to Mondiale Seniores"]
[Site "Arco ITA"]
[Date "2010.11.03"]
[Round "8"]
[White "Roth, Karlheinz"]
[Black "Kornath, Heinrich"]
[WhiteElo "1807"]
[BlackElo "1956"]
[Result "0-1"]
[PlyCount "132"]
[EventDate "2010.10.26"]

1. Nf3 Nf6 2. b3 g6 3. Bb2 Bg7 4. c4 d6 5. Nc3 e5 6. e3 c6 7. Be2 O-O 8. O-O e4
9. Ne1 d5 10. d4 Re8 11. cxd5 cxd5 12. Rc1 Nc6 13. Na4 h5 14. h3 Bh6 15. Bb5
Qd6 16. Be2 b6 17. Nc3 Be6 18. Nb5 Qd7 19. a4 a6 20. Nc3 Rec8 21. Nc2 Na5 22.
Na3 Qd6 23. Nab1 Qb4 24. Nd2 Qd6 25. Ra1 Rc6 26. Ba3 Qc7 27. Na2 Rc2 28. Nb4
Rxd2 29. Qxd2 Nxb3 30. Qb2 Nxa1 31. Rc1 Qd7 32. Qxa1 Qxa4 33. Nc6 Bd7 34. Bd1
Qb5 35. Ne5 Be8 36. Rb1 Qa5 37. Qb2 b5 38. Be7 Bg7 39. Rc1 Qb6 40. Bb3 Qe6 41.
Rc7 Nd7 42. Nxd7 Bxd7 43. Qa3 a5 44. Qc5 Rc8 45. Rxc8+ Bxc8 46. Bxd5 Qd7 47.
Bc6 Qf5 48. Qxf5 gxf5 49. Bxb5 Bf8 50. Bd8 Bb4 51. Kf1 Be6 52. Ba4 Bc4+ 53. Kg1
Kg7 54. g3 Bd5 55. Bc7 Kf6 56. Be5+ Ke6 57. Bc7 Bc4 58. Bd1 Kd7 59. Be5 Bd6 60.
Ba4+ Ke6 61. Bd1 Bxe5 62. dxe5 Kxe5 63. Bxh5 a4 64. f4+ exf3 65. Bxf3 Bb3 66.
Kf2 a3 0-1

[Event "XX C.to Mondiale Seniores"]
[Site "Arco ITA"]
[Date "2010.11.03"]
[Round "8"]
[White "Smits, Oswald"]
[Black "Vaselli, Luciano"]
[WhiteElo "1892"]
[BlackElo "1732"]
[Result "0-1"]
[PlyCount "95"]
[EventDate "2010.10.26"]

1. d4 Nf6 2. Nf3 d5 3. e3 c6 4. Bd3 e6 5. O-O Be7 6. Nbd2 Nbd7 7. a3 c5 8. c3
c4 9. Bc2 O-O 10. Qe2 b5 11. e4 dxe4 12. Nxe4 Bb7 13. Nxf6+ Nxf6 14. Bg5 h6 15.
Bh4 Bd5 16. Ne5 Nd7 17. Bg3 Nxe5 18. Bxe5 a5 19. Qg4 Bf6 20. Bf4 Bg5 21. Be3 f5
22. Qd1 f4 23. Bc1 f3 24. g3 Qe8 25. h3 Qh5 26. Kh2 e5 27. Rg1 Be6 28. Qf1 exd4
29. cxd4 Rad8 30. Bxg5 hxg5 31. g4 Qh6 32. Qe1 Rxd4 33. Be4 Rf4 34. Bf5 Bxf5
35. gxf5 Rxf5 36. Qe3 Rh4 37. Rg3 Qd6 38. Kg1 Qh6 39. Rxf3 Rxf3 40. Qxf3 Rxh3
41. Qa8+ Kh7 42. Re1 g4 43. Qe4+ Qg6 44. Qb7 g3 45. Kf1 gxf2 46. Kxf2 Qg3+ 47.
Kf1 Qf4+ 48. Ke2 0-1

[Event "XX C.to Mondiale Seniores"]
[Site "Arco ITA"]
[Date "2010.11.03"]
[Round "8"]
[White "Stull, Norbert"]
[Black "Garvani, Vittorio"]
[WhiteElo "2110"]
[BlackElo "1940"]
[Result "1-0"]
[PlyCount "47"]
[EventDate "2010.10.26"]

1. Nf3 Nf6 2. g3 c5 3. Bg2 Nc6 4. c4 e5 5. Nc3 d5 6. cxd5 Nxd5 7. Nxe5 Nxc3 8.
Nxc6 Nxd1 9. Nxd8 Nxf2 10. Nxf7 Nd3+ 11. exd3 Kxf7 12. O-O+ Ke8 13. b3 a5 14.
Bb2 a4 15. d4 axb3 16. axb3 Rxa1 17. Rxa1 Be6 18. d5 Bf7 19. Be5 Rg8 20. Ra8+
Ke7 21. Rb8 g5 22. Rxb7+ Ke8 23. d6 Be6 24. Bc6+ 1-0

[Event "XX C.to Mondiale Seniores"]
[Site "Arco ITA"]
[Date "2010.11.03"]
[Round "8"]
[White "Trifoni, Giorgio"]
[Black "Rosca, Grigore"]
[WhiteElo "1691"]
[BlackElo "1646"]
[Result "1-0"]
[PlyCount "81"]
[EventDate "2010.10.26"]

1. Nf3 d5 2. b3 Nc6 3. Bb2 Bg4 4. d4 Nf6 5. Nbd2 e6 6. a3 Be7 7. e3 a6 8. Be2
Bd6 9. O-O Ne4 10. Nxe4 dxe4 11. Nd2 h5 12. Nxe4 Bxe2 13. Nxd6+ Qxd6 14. Qxe2
O-O-O 15. c4 Qe7 16. f4 f5 17. Qf3 Na5 18. Qd1 g5 19. fxg5 Qxg5 20. Qd3 Rhg8
21. Rf2 Nc6 22. d5 Ne7 23. e4 h4 24. Qh3 Ng6 25. Bc1 Qf6 26. Bb2 Qg5 27. exf5
Nf4 28. Qf3 Nxg2 29. Rxg2 Qd2 30. Kh1 Rxg2 31. Qxg2 Qd3 32. fxe6 h3 33. Qg3
Qe4+ 34. Kg1 Qh7 35. Qf3 Rg8+ 36. Kh1 Qc2 37. Rf1 Kb8 38. Be5 Rg2 39. Qxh3 Qe4
40. Qxg2 Qxe5 41. Rf8+ 1-0

[Event "XX C.to Mondiale Seniores"]
[Site "Arco ITA"]
[Date "2010.11.03"]
[Round "8"]
[White "Trois, Francisco R.T."]
[Black "Serra Olives, Tomas"]
[WhiteElo "2309"]
[BlackElo "2201"]
[Result "1/2-1/2"]
[PlyCount "23"]
[EventDate "2010.10.26"]

1. d4 Nf6 2. Nf3 e6 3. c4 c5 4. Nc3 cxd4 5. Nxd4 Bb4 6. g3 Ne4 7. Qd3 Qa5 8.
Nc2 Bxc3+ 9. bxc3 f5 10. Bg2 O-O 11. Ba3 d6 12. Bb4 1/2-1/2

[Event "XX C.to Mondiale Seniores"]
[Site "Arco ITA"]
[Date "2010.11.03"]
[Round "8"]
[White "Tseshkovsky, Vitaly V."]
[Black "Ermenkov, Evgenij P."]
[WhiteElo "2564"]
[BlackElo "2442"]
[Result "1-0"]
[PlyCount "59"]
[EventDate "2010.10.26"]

1. e4 c5 2. Nf3 d6 3. d4 cxd4 4. Nxd4 Nf6 5. Nc3 Nc6 6. Bg5 Bd7 7. Qd2 h6 8.
Bxf6 gxf6 9. O-O-O Nxd4 10. Qxd4 Qa5 11. Nd5 Rc8 12. Kb1 Qc5 13. Qd2 Rg8 14.
Re1 a6 15. Re3 Bc6 16. Rc3 Qa5 17. Rxc6 Qxd2 18. Rxc8+ Kd7 19. Nb6+ Ke6 20.
Bc4+ Ke5 21. Bxf7 Qxf2 22. Nc4+ Kf4 23. g3+ Kf3 24. Bxg8 b5 25. Nxd6 Kg2 26.
Rc1 exd6 27. Rxf8 Kxh2 28. g4 Qf4 29. Bd5 a5 30. a3 1-0

[Event "XX C.to Mondiale Seniores"]
[Site "Arco ITA"]
[Date "2010.11.03"]
[Round "8"]
[White "Villing, Dieter"]
[Black "Candea, Gheorghe"]
[WhiteElo "2189"]
[BlackElo "2142"]
[Result "1-0"]
[PlyCount "63"]
[EventDate "2010.10.26"]

1. d4 Nf6 2. Nc3 g6 3. e4 d6 4. f4 Bg7 5. Nf3 O-O 6. e5 dxe5 7. dxe5 Qxd1+ 8.
Kxd1 Ng4 9. Ke1 c6 10. h3 Nh6 11. g4 Be6 12. f5 Nxf5 13. gxf5 Bxf5 14. Bd3 Bxd3
15. cxd3 Nd7 16. d4 Nb6 17. Rf1 Rad8 18. Be3 Nd5 19. Kd2 h6 20. Rad1 f6 21. Rg1
g5 22. h4 Kf7 23. hxg5 hxg5 24. Rdf1 Nxe3 25. Kxe3 Ke6 26. Ne4 Kd7 27. Nc5+ Kc8
28. Ne6 fxe5 29. Nxd8 exd4+ 30. Kd3 Rxd8 31. Nxg5 Bh6 32. Nf7 1-0

[Event "XX C.to Mondiale Seniores"]
[Site "Arco ITA"]
[Date "2010.11.03"]
[Round "8"]
[White "Westerinen, Heikki M.J."]
[Black "Lederman, Leon"]
[WhiteElo "2365"]
[BlackElo "2255"]
[Result "1/2-1/2"]
[PlyCount "44"]
[EventDate "2010.10.26"]

1. e4 c5 2. Nf3 d6 3. d4 cxd4 4. Nxd4 Nf6 5. f3 Nc6 6. c4 Qb6 7. Nc2 e6 8. Nc3
a6 9. b3 Be7 10. Be3 Qc7 11. Rc1 O-O 12. Be2 Ne5 13. Qd4 Bd7 14. O-O Rac8 15.
Qb6 Qb8 16. Rfd1 Bc6 17. Nb4 Bd7 18. Bf2 Rfd8 19. Nd3 Bc6 20. Qa7 Qxa7 21. Bxa7
Ned7 22. Be3 b6 1/2-1/2

[Event "XX C.to Mondiale Seniores"]
[Site "Arco ITA"]
[Date "2010.11.03"]
[Round "8"]
[White "Weyand, Fernand"]
[Black "Giani, Franco"]
[WhiteElo "1843"]
[BlackElo "1988"]
[Result "1/2-1/2"]
[PlyCount "75"]
[EventDate "2010.10.26"]

1. e4 c5 2. Nc3 d6 3. f4 g6 4. Nf3 Bg7 5. Bb5+ Bd7 6. Bxd7+ Nxd7 7. O-O Nh6 8.
d3 O-O 9. Qe1 e6 10. Qh4 Qxh4 11. Nxh4 Bd4+ 12. Kh1 Ng4 13. h3 Bxc3 14. bxc3
Ngf6 15. Be3 b5 16. Rfb1 a6 17. a4 bxa4 18. Rxa4 Rfb8 19. Rxb8+ Nxb8 20. Nf3
Nc6 21. Nd2 a5 22. Nb3 Nd7 23. Ra1 a4 24. Bc1 Nb6 25. Nd2 e5 26. Nb1 f5 27.
fxe5 dxe5 28. Ba3 Nd7 29. Nd2 Rb8 30. g3 Kf7 31. Kg2 Ke6 32. Kf3 Rf8 33. Ke3
f4+ 34. gxf4 exf4+ 35. Kf2 Ra8 36. Nf3 h6 37. d4 Na5 38. Nd2 1/2-1/2

[Event "XX C.to Mondiale Seniores"]
[Site "Arco ITA"]
[Date "2010.11.03"]
[Round "8"]
[White "Wintner, Ivan"]
[Black "Sevenyuk, Alexey"]
[WhiteElo "2024"]
[BlackElo "1920"]
[Result "1/2-1/2"]
[PlyCount "70"]
[EventDate "2010.10.26"]

1. b3 e6 2. Bb2 f5 3. g3 Nf6 4. Bg2 Be7 5. Nh3 O-O 6. O-O c5 7. c4 Nc6 8. a3 d5
9. Nf4 d4 10. e3 e5 11. Nd5 e4 12. Nxe7+ Qxe7 13. b4 dxe3 14. fxe3 Be6 15. Qe2
Qf7 16. Rc1 cxb4 17. axb4 Nxb4 18. Bd4 Nd3 19. Rc3 Bxc4 20. Na3 Ba6 21. Qd1
Rfc8 22. Qa4 Rxc3 23. dxc3 Ng4 24. h3 Nge5 25. Nb5 Bxb5 26. Qxb5 a6 27. Bxe5
Re8 28. Qa5 Nxe5 29. Rf1 Qh5 30. Qd5+ Kh8 31. Qxb7 Qe2 32. Rxf5 Qxe3+ 33. Kh2
Qxc3 34. Bxe4 Qd2+ 35. Bg2 Qd6 1/2-1/2

[Event "XX C.to Mondiale Seniores"]
[Site "Arco ITA"]
[Date "2010.11.03"]
[Round "8"]
[White "Zhelesny, Stanislav"]
[Black "Sloth, Jorn"]
[WhiteElo "2194"]
[BlackElo "2302"]
[Result "0-1"]
[PlyCount "92"]
[EventDate "2010.10.26"]

1. Nf3 c5 2. g3 g6 3. Bg2 Bg7 4. d4 cxd4 5. Nxd4 Nc6 6. c3 Qb6 7. Nb3 Nf6 8.
O-O d5 9. a4 O-O 10. Na3 Rd8 11. Be3 Qc7 12. Nb5 Qb8 13. Qc1 Bg4 14. f3 Bd7 15.
Nc5 Be8 16. Bf2 h5 17. b4 e5 18. Rd1 a6 19. Na3 b6 20. Nb3 Qc7 21. Qe3 d4 22.
cxd4 Nd5 23. Qc1 Ndxb4 24. Qc4 exd4 25. Nxd4 Qe7 26. Nac2 Nxc2 27. Nxc6 Bxc6
28. Qxc2 Bxa1 29. Rxa1 Qf6 30. Rb1 b5 31. a5 Rac8 32. Bb6 Re8 33. Qd3 Qe6 34.
Bf1 Bd5 35. Rd1 Bb3 36. Re1 Rc6 37. Qd4 Rd6 38. Qb2 Rxb6 39. axb6 Qxb6+ 40. Kg2
Bc4 41. Rc1 Qe3 42. Rc3 Qd4 43. Qb4 Rd8 44. Rc2 Bxe2 45. Qxd4 Bxf1+ 46. Kxf1
Rxd4 0-1

[Event "XX C.to Mondiale Seniores"]
[Site "Arco ITA"]
[Date "2010.11.03"]
[Round "8"]
[White "Zoltek, Tadeusz"]
[Black "Hocevar, Nikola"]
[WhiteElo "2194"]
[BlackElo "2081"]
[Result "1/2-1/2"]
[PlyCount "45"]
[EventDate "2010.10.26"]

1. Nf3 c5 2. c4 Nc6 3. g3 g6 4. Bg2 Bg7 5. O-O e5 6. Nc3 Nge7 7. d3 d6 8. a3
O-O 9. Rb1 a5 10. Ne1 Be6 11. Nc2 d5 12. cxd5 Nxd5 13. Ne4 b6 14. Ng5 Qd7 15.
Nxe6 Qxe6 16. Ne3 Nxe3 17. Bxe3 Rac8 18. Bd2 Nd4 19. b4 axb4 20. e3 Nb5 21.
axb4 c4 22. Qa4 Nd6 23. dxc4 1/2-1/2

[Event "XX C.to Mondiale Seniores"]
[Site "Arco ITA"]
[Date "2010.11.04"]
[Round "9"]
[White "Acers, Jude"]
[Black "Klundt, Klaus"]
[WhiteElo "2231"]
[BlackElo "2355"]
[Result "1/2-1/2"]
[PlyCount "40"]
[EventDate "2010.10.26"]

1. d4 d5 2. Bg5 f6 3. Bh4 Nh6 4. f3 Nf5 5. Bf2 Nc6 6. g4 Nd6 7. Nc3 e6 8. e4
Nf7 9. a3 h5 10. gxh5 Rxh5 11. Qd2 Bd6 12. O-O-O Bd7 13. Bd3 Ne7 14. Nge2 c6
15. Nf4 Rh6 16. Be3 Qc7 17. Nfe2 g5 18. h4 Rxh4 19. Rxh4 gxh4 20. Rh1 O-O-O
1/2-1/2

[Event "XX C.to Mondiale Seniores"]
[Site "Arco ITA"]
[Date "2010.11.04"]
[Round "9"]
[White "Acunzo, Domenico"]
[Black "Jenkins, Tom Ivar"]
[WhiteElo "1802"]
[BlackElo "1975"]
[Result "1/2-1/2"]
[PlyCount "48"]
[EventDate "2010.10.26"]

1. e4 e6 2. d4 d5 3. Nc3 dxe4 4. Nxe4 Nf6 5. Bg5 Be7 6. Bxf6 Bxf6 7. Nf3 c5 8.
Nxc5 O-O 9. Be2 Qb6 10. Nb3 Nc6 11. O-O Rd8 12. c3 a5 13. a4 e5 14. Qc2 exd4
15. Nbxd4 Nxd4 16. Nxd4 Bxd4 17. cxd4 Rxd4 18. Bb5 Be6 19. Rac1 Rc8 20. Qe2
Rcd8 21. Qe3 Qd6 22. h3 h6 23. b3 g5 24. Rfe1 Qb4 1/2-1/2

[Event "XX C.to Mondiale Seniores"]
[Site "Arco ITA"]
[Date "2010.11.04"]
[Round "9"]
[White "Ashby, Anthony C."]
[Black "Schowalter, Gerd"]
[WhiteElo "2149"]
[BlackElo "1994"]
[Result "1/2-1/2"]
[PlyCount "85"]
[EventDate "2010.10.26"]

1. e4 e6 2. d3 d5 3. Nd2 c5 4. g3 Nc6 5. Bg2 g6 6. Ngf3 Bg7 7. O-O Nge7 8. Re1
O-O 9. h4 h5 10. c3 e5 11. Qb3 d4 12. cxd4 Nxd4 13. Nxd4 cxd4 14. Nc4 Nc6 15.
Bd2 Qe7 16. Rac1 Be6 17. Qa4 Rac8 18. b4 Bxc4 19. Rxc4 a6 20. b5 axb5 21. Qxb5
Na7 22. Qb3 Rxc4 23. dxc4 Nc6 24. Rb1 Ra8 25. Rb2 Qa3 26. Bf1 Qxb3 27. axb3 Kh7
28. b4 Bh6 29. b5 Nd8 30. Bb4 Ne6 31. Bd6 Rd8 32. c5 Bf8 33. Bxf8 Rxf8 34. Rc2
Rc8 35. c6 bxc6 36. Rxc6 Rxc6 37. bxc6 Nc7 38. Bc4 Kg7 39. Kf1 Kf6 40. Ke2 Ke7
41. f3 f6 42. g4 Ne6 43. gxh5 1/2-1/2

[Event "XX C.to Mondiale Seniores"]
[Site "Arco ITA"]
[Date "2010.11.04"]
[Round "9"]
[White "Blasco, Domenico"]
[Black "Bue, Gunnar"]
[WhiteElo "1961"]
[BlackElo "1820"]
[Result "0-1"]
[PlyCount "70"]
[EventDate "2010.10.26"]

1. d4 Nf6 2. Nf3 g6 3. Nc3 Bg7 4. e4 d6 5. Be3 Ng4 6. Bg5 h6 7. Bh4 O-O 8. Qd2
c6 9. h3 Nf6 10. g4 b5 11. O-O-O b4 12. Ne2 Nxe4 13. Qxb4 Na6 14. Qa3 g5 15.
Bg3 Rb8 16. Rd3 Rb5 17. b3 Ra5 18. Qb2 Nb4 19. a3 Nxd3+ 20. cxd3 Nxg3 21. Nxg3
c5 22. Ne4 cxd4 23. Be2 Bb7 24. b4 Ra6 25. Qb3 Bxe4 26. dxe4 Rc6+ 27. Kd2 Rc3
28. Qa2 Qc7 29. Bd3 Rc8 30. Qb2 Rxd3+ 31. Kxd3 Qc4+ 32. Kd2 d3 33. Qb1 Qxe4 34.
Re1 Bc3+ 35. Kd1 Qxf3+ 0-1

[Event "XX C.to Mondiale Seniores"]
[Site "Arco ITA"]
[Date "2010.11.04"]
[Round "9"]
[White "Buxade Roca, Guillermo"]
[Black "Antonelli, Fabrizio"]
[WhiteElo "2196"]
[BlackElo "2099"]
[Result "1-0"]
[PlyCount "77"]
[EventDate "2010.10.26"]

1. c4 Nf6 2. g3 g6 3. Bg2 Bg7 4. Nc3 O-O 5. d3 c5 6. Bg5 h6 7. Bd2 Nc6 8. Qc1
Kh7 9. h4 e6 10. Nh3 Ng4 11. Rb1 f5 12. a3 d5 13. cxd5 exd5 14. Nxd5 Nd4 15.
Qxc5 Qe8 16. e3 Ne5 17. Kf1 Nb3 18. Qc2 Nxd2+ 19. Qxd2 Qd8 20. d4 Nc4 21. Qb4
Nd6 22. Ndf4 Bd7 23. Kg1 Ne4 24. Qxb7 Rb8 25. Qd5 Rb5 26. Qa2 Qe8 27. Bf1 Rb8
28. Bc4 h5 29. Ng5+ Nxg5 30. hxg5 Qe7 31. Be6 Bc6 32. Bd5 Bb5 33. b4 Rfc8 34.
Bf7 Rc6 35. Bxg6+ Rxg6 36. Rxh5+ Bh6 37. Nxg6 Kxg6 38. Rxh6+ Kxg5 39. Qe6 1-0

[Event "XX C.to Mondiale Seniores"]
[Site "Arco ITA"]
[Date "2010.11.04"]
[Round "9"]
[White "Candea, Gheorghe"]
[Black "Gundersen, Helge"]
[WhiteElo "2142"]
[BlackElo "2230"]
[Result "1/2-1/2"]
[PlyCount "30"]
[EventDate "2010.10.26"]

1. e4 e6 2. d4 d5 3. exd5 exd5 4. h3 Bd6 5. Bd3 Nc6 6. c3 Nf6 7. Nf3 O-O 8. O-O
Ne7 9. Qc2 Ng6 10. Re1 Re8 11. Be3 Nf4 12. Bf5 Ne4 13. Bxc8 Qxc8 14. Bxf4 Bxf4
15. Nbd2 Bxd2 1/2-1/2

[Event "XX C.to Mondiale Seniores"]
[Site "Arco ITA"]
[Date "2010.11.04"]
[Round "9"]
[White "Cernea, Radu-Gheorghe"]
[Black "Quagliarella, Sabino Remo"]
[WhiteElo "2039"]
[BlackElo "1937"]
[Result "1-0"]
[PlyCount "103"]
[EventDate "2010.10.26"]

1. d4 Nf6 2. c4 c5 3. d5 b5 4. cxb5 a6 5. bxa6 Bxa6 6. Nc3 g6 7. f4 Bg7 8. Nf3
O-O 9. e4 Bxf1 10. Rxf1 d6 11. e5 Nfd7 12. Qe2 Qb6 13. e6 Nf6 14. Ng5 Qa6 15.
Qf3 Qc4 16. exf7+ Rxf7 17. Nxf7 Kxf7 18. Qe2 Qxe2+ 19. Kxe2 Na6 20. Be3 Nb4 21.
Rfd1 Nc2 22. Rac1 Nxe3 23. Kxe3 Rb8 24. Rc2 Ng4+ 25. Kf3 h5 26. h3 Nh6 27. g4
hxg4+ 28. hxg4 Kf8 29. Ne4 Nf7 30. Rd3 Ke8 31. Rb3 Ra8 32. a3 Bd4 33. Rb7 Ra4
34. Re2 g5 35. Nxg5 Nxg5+ 36. fxg5 Be5 37. Re4 Ra8 38. g6 Kf8 39. g5 Re8 40.
Kg4 Kg8 41. Kf5 Kg7 42. Rxe5 dxe5 43. Kxe5 Kxg6 44. Ke6 Kxg5 45. Rxe7 Rb8 46.
Rg7+ Kf4 47. Rg2 Kf3 48. Rc2 Ke4 49. d6 Rb6 50. Ke7 Kd5 51. d7 Rb7 52. Ke8 1-0

[Event "XX C.to Mondiale Seniores"]
[Site "Arco ITA"]
[Date "2010.11.04"]
[Round "9"]
[White "Cerusico, Carlo"]
[Black "Frugoni, Giulio"]
[WhiteElo "1404"]
[BlackElo "1723"]
[Result "1/2-1/2"]
[PlyCount "42"]
[EventDate "2010.10.26"]

1. d4 Nf6 2. Nf3 e6 3. Nbd2 c5 4. e3 Nc6 5. c3 d5 6. Bd3 cxd4 7. exd4 Bd6 8.
O-O O-O 9. Re1 Qc7 10. Qc2 e5 11. dxe5 Nxe5 12. Nxe5 Bxe5 13. Nf3 Bd6 14. h3 h6
15. Be3 Bd7 16. Re2 Qc8 17. Nd4 Bxh3 18. Bf5 Bxf5 19. Nxf5 Qc7 20. g3 Ng4 21.
Nxd6 Qxd6 1/2-1/2

[Event "XX C.to Mondiale Seniores"]
[Site "Arco ITA"]
[Date "2010.11.04"]
[Round "9"]
[White "Danner, Georg"]
[Black "Kunz, Konstantin"]
[WhiteElo "2422"]
[BlackElo "2273"]
[Result "1-0"]
[PlyCount "85"]
[EventDate "2010.10.26"]

1. d4 Nf6 2. Nf3 e6 3. e3 b6 4. Bd3 Bb7 5. O-O Be7 6. c4 O-O 7. Nc3 d5 8. b3
Nbd7 9. Bb2 a6 10. cxd5 exd5 11. Ne2 Re8 12. Ng3 g6 13. Ne5 Nxe5 14. dxe5 Ne4
15. f4 Nxg3 16. hxg3 Bc5 17. Bd4 Bxd4 18. exd4 c5 19. Rc1 cxd4 20. Be2 Rc8 21.
Qxd4 Rxc1 22. Rxc1 f6 23. Bf3 fxe5 24. fxe5 Re7 25. Rc2 h6 26. Kh2 Kh7 27. Rd2
Rd7 28. Bg4 Re7 29. Rf2 h5 30. Bd1 Qc7 31. Rc2 Qb8 32. Re2 Qc7 33. Bc2 Qc5 34.
Qh4 Kh6 35. Qf4+ Kh7 36. Qf6 Rg7 37. e6 Qe7 38. Qe5 Kg8 39. Rf2 Bc8 40. Rf6 g5
41. Bg6 h4 42. Rf7 hxg3+ 43. Kxg3 1-0

[Event "XX C.to Mondiale Seniores"]
[Site "Arco ITA"]
[Date "2010.11.04"]
[Round "9"]
[White "Dietzsch, Herbert"]
[Black "Dragasevic, Srdja"]
[WhiteElo "2121"]
[BlackElo "2277"]
[Result "0-1"]
[PlyCount "78"]
[EventDate "2010.10.26"]

1. e4 Nf6 2. e5 Nd5 3. c4 Nb6 4. c5 Nd5 5. Nc3 e6 6. d4 b6 7. Nxd5 exd5 8. cxb6
axb6 9. Nf3 Be7 10. Bd3 Ba6 11. O-O c6 12. Bf4 O-O 13. Re1 Bxd3 14. Qxd3 Na6
15. h4 Nc7 16. Ng5 Bxg5 17. Bxg5 Qe8 18. Re3 Ne6 19. Rg3 Kh8 20. b3 f6 21. exf6
gxf6 22. Bd2 Qh5 23. f3 f5 24. Bb4 Rg8 25. Rxg8+ Rxg8 26. Bd6 h6 27. a4 Qg6 28.
g3 Kh7 29. Be5 Ng7 30. a5 bxa5 31. Rxa5 d6 32. Bf4 Nh5 33. Ra7+ Kh8 34. Qe3
Nxg3 35. Bxg3 Qxg3+ 36. Kf1 f4 37. Qf2 Qh3+ 38. Ke1 Qh1+ 39. Ke2 Rg2 0-1

[Event "XX C.to Mondiale Seniores"]
[Site "Arco ITA"]
[Date "2010.11.04"]
[Round "9"]
[White "Eperjesi, Laszlo"]
[Black "Trois, Francisco R.T."]
[WhiteElo "2194"]
[BlackElo "2309"]
[Result "1/2-1/2"]
[PlyCount "26"]
[EventDate "2010.10.26"]

1. d4 Nf6 2. c4 e6 3. Nf3 b6 4. g3 Ba6 5. b3 Bb4+ 6. Bd2 Be7 7. Bg2 c6 8. O-O
d5 9. Qc2 Nbd7 10. Bf4 Rc8 11. Nbd2 Nh5 12. Be3 Nhf6 13. Bf4 Nh5 1/2-1/2

[Event "XX C.to Mondiale Seniores"]
[Site "Arco ITA"]
[Date "2010.11.04"]
[Round "9"]
[White "Esbensen, Hans Fredrik"]
[Black "Hlinschi, Mihai"]
[WhiteElo "1730"]
[BlackElo "1776"]
[Result "1-0"]
[PlyCount "72"]
[EventDate "2010.10.26"]

1. Nf3 f5 2. c4 Nf6 3. Nc3 e6 4. d4 d6 5. Qc2 Be7 6. e3 O-O 7. Be2 b6 8. O-O c5
9. d5 e5 10. Ne1 a5 11. g3 Na6 12. a3 Nc7 13. e4 fxe4 14. Nxe4 Nxe4 15. Qxe4
Ne8 16. Qc2 Nf6 17. Bd3 Qe8 18. f3 Bd7 19. Ng2 g6 20. f4 b5 21. b3 Bd8 22. fxe5
Qxe5 23. Bb2 Qg5 24. Rae1 Ng4 25. Rxf8+ Kxf8 26. h4 Qh6 27. Rf1+ Kg8 28. Qe2
bxc4 29. bxc4 Rb8 30. Qf3 Bf5 31. Bxf5 gxf5 32. Qxf5 Rxb2 33. Qf7+ Kh8 34. Qe8+
Kg7 35. Rf7+ Kg6 36. Nf4+ Qxf4 1-0

[Event "XX C.to Mondiale Seniores"]
[Site "Arco ITA"]
[Date "2010.11.04"]
[Round "9"]
[White "Fereday, Andrew"]
[Black "Keze, Arnis"]
[WhiteElo "1921"]
[BlackElo "1754"]
[Result "1/2-1/2"]
[PlyCount "64"]
[EventDate "2010.10.26"]

1. d4 d5 2. c4 e6 3. Nf3 Nf6 4. e3 c6 5. Be2 dxc4 6. Bxc4 Nbd7 7. O-O b5 8. Bd3
Bb7 9. Nbd2 Bd6 10. b3 O-O 11. Bb2 Re8 12. Rc1 e5 13. dxe5 Nxe5 14. Nxe5 Bxe5
15. Bxe5 Rxe5 16. Nf3 Rd5 17. Ne1 c5 18. Qe2 Rc8 19. Rd1 c4 20. Bc2 cxb3 21.
Bxb3 Rxd1 22. Bxd1 a6 23. Bb3 Rc3 24. Nf3 Qc7 25. Qd2 Ng4 26. Rd1 g6 27. Qd8+
Kg7 28. Qd4+ Nf6 29. h3 Bxf3 30. gxf3 Rc1 31. Rxc1 Qxc1+ 32. Kg2 Qc6 1/2-1/2